| 000 | 00575nam a22001937a 4500 | ||
|---|---|---|---|
| 003 | LK-CoDNM | ||
| 005 | 20241220130421.0 | ||
| 008 | 241220b |||||||| |||| 00| 0 eng d | ||
| 040 |
_aLK-CoDNM _dLK-CoDNM _eLK-CoDNM |
||
| 041 | _aeng | ||
| 080 |
_a2 _bR16 |
||
| 100 | _aA. Alcock, C.I.E., M.B., L.L.D., F.R.S. | ||
| 245 |
_aCatalogue of the Indian decapod Crustacea in the collection of the Indian museum _bPart 2 |
||
| 260 |
_aCalcutta _bThe trustees of the Indian museum _c1905 |
||
| 300 | _b197p. : ill ; 28 cm | ||
| 650 | _a1905 | ||
| 650 | _aScience | ||
| 942 | _cBK | ||
| 999 |
_c233846 _d233846 |
||